F1 2008 Line-ups - Statistiques

Statistiques générales
  • Ce quiz a été pris 44 fois
  • Le résultat moyen est 12 sur 22
Statistiques - réponses
Team Nationality Driver % Correct
Brazil Felipe Massa
97%
Scuderia Ferrari Marlboro Finland Kimi Raïkkönen
95%
Germany Sebastian Vettel
92%
ING Renault F1 Team Spain Fernando Alonso
89%
Vodafone McLaren Mercedes United Kingdom Lewis Hamilton
89%
Poland Robert Kubica
84%
Australia Mark Webber
71%
Red Bull Racing United Kingdom David Coulthard
50%
Brazil Nelson Piquet Jr.
50%
AT&T Williams Germany Nico Rosberg
50%
Finland Heikki Kovalainen
47%
Panasonic Toyota Racing Italy Jarno Trulli
47%
BMW Sauber F1 Team Germany Nick Heidfeld
45%
Scuderia Toro Rosso France Sébastien Bourdais
37%
Super Aguri Formula 1 Team Japan Takuma Satō
34%
Germany Timo Glock
34%
Force India F1 Team Germany Adrian Sutil
32%
Italy Giancarlo Fisichella
32%
Honda Racing F1 Team United Kingdom Jenson Button
29%
Japan Kazuki Nakajima
29%
Brazil Rubens Barrichello
24%
United Kingdom Anthony Davidson
18%
Aucun quiz correspondant
Distribution des résultats
% des personnes avec chaque résultat
Percentile par nombre de réponses
Votre historique - résultats
Vous n’avez pas pris ce quiz